Historia de las instituciones políticas y sociales argentinas en america hasta 1810 /

Guardado en:
Autor Principal: Ortega, Exequiel Cesar
Formato: Libro
Publicado: Buenos Aires : Plus Ultra, 1973
Materias:
Etiquetas: Agregar Etiqueta
Sin Etiquetas, Sea el primero en etiquetar este registro!
LEADER 00619nam a22002055a 4500
001 CEM.cems008659
005 20060214000000.0
008 130507s1973##################000#0#####d
003 CEMS
082 0 4 |a 980 
100 1 |a Ortega, Exequiel Cesar 
245 1 0 |a Historia de las instituciones políticas y sociales argentinas en america hasta 1810 / 
260 |a Buenos Aires :  |b Plus Ultra,  |c 1973 
300 |a 366 p. 
653 |a Aztecas 
653 |a Historia argentina 1516-1810 
653 |a Historia institucional argenti 
653 |a Incas 
653 |a Mayas 
859 |a CEMS  |b BIB. CEMS - 11 de abril  |h 980  |i Or8  |p 18079.95  |t Ej.1